000 00550nam a2200217Ia 4500
003 OSt
005 20220924134032.0
006 a|||||r|||| 00| 0
007 ta
008 220923b |||||||| |||| 00| 0 snd d
024 _a271893
037 _cTextual
040 _aARTS
_cARTS
_bsnd
041 _2snd
_asnd
082 _aO152,3NSS,BJ, 1593J3.1-.2
100 _aShanmi S
_9207940
245 0 _aBharat jivan
260 _c1953
942 _hO152,3NSS,BJ, 1593J3.1-.2
_cTEXL
_2CC
999 _c436193
_d436193